[Event "Slovenian chT 2019"]
[Site "Slovenia"]
[Date "2019.11.23"]
[Round "5"]
[White "Markun, Bostjan"]
[Black "Kastelic, Marian"]
[Result "1/2-1/2"]
[WhiteElo "2260"]
[BlackElo "2248"]
[Annotator "NA"]
[PlyCount "89"]
[EventDate "2019.??.??"]
[EventCountry "SLO"]
[SourceTitle "playchess.com"]
[Source "ChessBase"]
[SourceQuality "1"]
[TimeControl "40/5400+30:1800+30"]

1. e4 e5 2. Nf3 Nc6 3. Bb5 Nge7 4. Nc3 Ng6 5. d4 exd4 6. Nxd4 a6 7. Ba4 Bc5 8. Be3 Nxd4 9. Bxd4 Bxd4 10. Qxd4 O-O 11. O-O d6 12. Qd2 f5 13. f4 Kh8 14. Rae1 fxe4 15. Nxe4 Bf5 16. Ng3 Qf6 17. c3 Rad8 18. Nxf5 Qxf5 19. Bc2 Qf7 20. Bb3 d5 21. f5 Ne7 22. Bc2 Ng8 23. Re6 c6 24. Rfe1 Qc7 25. Qe3 Rf6 26. b3 Rdf8 27. h3 Rxe6 28. Qxe6 Qa5 29. Qe5 Qxa2 30. Re2 Qa3 31. Qc7 Qa1+ 32. Kh2 Qxc3 33. Qxb7 a5 34. Qd7 h6 35. Qd6 Ra8 36. Qg6 Nf6 37. Re7 Rg8 38. Bd1 Qb4 39. Re6 Qf4+ 40. Qg3 Qxf5 41. Rxc6 Ne4 42. Qc7 Nd2 43. Bg4 Qf2 44. Qe5 Qd4 45. Qc7 1/2-1/2

[Event "Slovenian chT 2019"]
[Site "Slovenia"]
[Date "2019.11.23"]
[Round "5"]
[White "Rajkovic, Dusan"]
[Black "Stajner, Samo"]
[Result "1/2-1/2"]
[WhiteElo "2258"]
[BlackElo "2380"]
[Annotator "TA"]
[PlyCount "116"]
[EventDate "2019.??.??"]
[EventCountry "SLO"]
[SourceTitle "playchess.com"]
[Source "ChessBase"]
[SourceQuality "1"]

{[%evp 9,116,62,90,106,116,127,117,127,100,114,143,155,154,118,188,188,179,93,111,83,165,173,196,202,210,185,181,185,179,166,182,160,158,149,156,134,142,125,186,124,120,79,77,39,74,43,82,82,81,81,83,83,83,30,108,97,110,30,67,15,18,0,0,0,0,0,5,0,13,0,0,0,0,0,0,0,2,4,8,0,0,0,0,0,0,0,0,0,0,0,0,0,0,0,0,0,0,0,0,0,0,0,0,0,0,0,0,0,0]} 1. d4 b6 2. e4 Bb7 3. Bd3 e6 4. Nf3 Nf6 5. Qe2 c5 6. d5 {B00: Queen's Fianchetto Defence, Nimzowitsch Defence} (6. c3 d5 7. e5 Nfd7 8. Nbd2 Nc6 9. a3 c4 10. Bc2 Na5 11. Nf1 h6 12. Ng3 Qc7 13. Nd2 O-O-O 14. Nh5 g6 {1-0 (40) Vocaturo,D (2610)-Ortega,L (2484) Brixen Bressanone 2019}) 6... exd5 7. exd5+ Qe7 8. c4 {White is better.} Qxe2+ 9. Kxe2 Bd6 10. Nc3 Na6 11. Bg5 Nh5 $146 (11... Be7 $16 12. Kd2 O-O) ({Predecessor:} 11... Ng4 12. Rhe1 {1-0 (34) Collutiis,D (2426)-De Santis,A (2305) Arvier 2010}) 12. Nb5 $18 Bb8 {[#]} 13. g3 (13. Rhe1 $1 $18) 13... Nb4 14. Bb1 f6 (14... h6 $16 {keeps fighting.}) 15. Be3 a6 16. Nc3 {Threatens to win with a3.} a5 17. a3 Na6 {[%cal Bb4a6,Ba6c7,Bc7e8][%mdl 32]} 18. Re1 g6 19. Bc2 Nc7 20. Bh6 {g4 is the strong threat.} Kf7 21. Ba4 Rd8 22. h4 Ne8 23. Kd3 Bd6 (23... Nhg7 $16 {might work better.}) 24. Nb5 (24. g4 $18 Nf4+ 25. Kc2) 24... Bf8 $16 25. Bxf8 Kxf8 26. Re2 Ba6 27. Rxe8+ {[%mdl 64] [#] Remove Defender, Decoy} Rxe8 28. Nc7 $1 {[%csl LRa8,LRd7,LRe8][%mdl 64] Double Attack, Discovered Attack} Ra7 29. Nxe8 Kxe8 30. Re1+ Kf8 31. Nd2 (31. Kc3 $16) 31... Ng7 (31... f5 $1 $11) 32. Ne4 Ne8 33. f4 (33. b3 $16) 33... f5 34. Nc3 (34. Ng5 $14) 34... Nf6 $11 {The position is equal.} 35. Bb5 Bxb5 36. Nxb5 {[%mdl 4096] Endgame KRN-KRN} Ra8 37. Nd6 a4 38. Kc3 Rb8 39. b4 axb3 40. Kxb3 Ra8 41. Re3 h5 42. a4 Ne4 43. Nxe4 {KRN-KR} Re8 $1 {[%mdl 64] Pin} 44. Kc2 fxe4 {KR-KR} 45. Kd2 Kf7 46. Rb3 Ra8 47. Rxb6 Rxa4 48. Rd6 Rxc4 49. Rxd7+ Kf6 50. Ke3 Rd4 51. Rc7 Rxd5 52. Kxe4 Rd4+ 53. Ke3 Rc4 54. Kd3 Rc1 55. Ke4 Re1+ 56. Kf3 Rc1 57. Ke4 Re1+ 58. Kf3 Rc1 {Accuracy: White = 39%, Black = 63%.} 1/2-1/2

[Event "Slovenian chT 2019"]
[Site "Slovenia"]
[Date "2019.11.23"]
[Round "5"]
[White "Gombac, Jan"]
[Black "Polajzer, Danilo"]
[Result "0-1"]
[WhiteElo "2246"]
[BlackElo "2207"]
[Annotator "ChessBase"]
[PlyCount "134"]
[EventDate "2019.??.??"]
[EventCountry "SLO"]
[SourceTitle "playchess.com"]
[Source "ChessBase"]
[SourceQuality "1"]
[TimeControl "40/5400+30:1800+30"]

1. d4 g6 2. c4 d6 3. Nf3 Bg7 4. Nc3 Bg4 5. e3 c5 6. d5 Bxc3+ 7. bxc3 Nf6 8. Be2 Qa5 9. Qb3 Nbd7 10. O-O O-O 11. a4 Ne4 12. Ra3 Rab8 13. Qc2 f5 14. h3 Bxf3 15. Bxf3 Ne5 16. Be2 Qc7 17. Kh2 Rbe8 18. f3 Nf6 19. e4 fxe4 20. fxe4 e6 21. Ra1 Qe7 22. Bf4 exd5 23. exd5 Rf7 24. Bg3 Ref8 25. Rf2 Nfd7 26. Raf1 Rxf2 27. Rxf2 Rxf2 28. Bxf2 Qg5 29. Bg3 b6 30. Qe4 Qf5 31. Qh4 g5 32. Qh6 Nf6 33. Bh5 Nxc4 34. Bg4 Nxg4+ 35. hxg4 Qg6 36. Qh3 Kg7 37. Kh1 Qh6 38. Kg1 Qxh3 39. gxh3 Kf6 40. Kf2 Ke7 41. Ke2 a6 42. h4 h6 43. Kd3 b5 44. axb5 axb5 45. hxg5 hxg5 46. Ke4 Kf6 47. Bh2 Nd2+ 48. Kd3 Nc4 49. Ke4 Ne5 50. Bg3 b4 51. cxb4 cxb4 52. Kd4 Ke7 53. Bf2 b3 54. Kc3 b2 55. Kc2 Nxg4 56. Bd4 Nf6 57. Bxb2 Nxd5 58. Kd3 Ke6 59. Ke4 Nf6+ 60. Kd4 g4 61. Ke3 Kf5 62. Bd4 Nd5+ 63. Kf2 Kf4 64. Ba7 g3+ 65. Kg1 Kf3 66. Bb8 Nf4 67. Bxd6 Ne2+ 0-1

[Event "Slovenian chT 2019"]
[Site "Slovenia"]
[Date "2019.11.23"]
[Round "5"]
[White "Suta, Andraz"]
[Black "Urbanc, Peter"]
[Result "1-0"]
[WhiteElo "2242"]
[BlackElo "2212"]
[Annotator "NA"]
[PlyCount "86"]
[EventDate "2019.??.??"]
[EventCountry "SLO"]
[SourceTitle "playchess.com"]
[Source "ChessBase"]
[SourceQuality "1"]
[TimeControl "40/5400+30:1800+30"]

1. e4 b6 2. d4 Bb7 3. Bd3 e6 4. Qe2 c5 5. c3 cxd4 6. cxd4 Nf6 7. Bg5 h6 8. Bd2 d5 9. e5 Ne4 10. Nc3 Nxd2 11. Qxd2 Ba6 12. Nf3 Be7 13. O-O O-O 14. Rac1 Bxd3 15. Qxd3 Nc6 16. a3 Na5 17. Nd2 Rc8 18. Ne2 Qd7 19. b4 Nc6 20. f4 g6 21. g4 Kh7 22. Nf3 Nb8 23. Ng3 Rxc1 24. Rxc1 Rc8 25. Rc3 Rxc3 26. Qxc3 Qc6 27. Qxc6 Nxc6 28. Ne2 Kg7 29. Nc3 Kf8 30. Kf2 Ke8 31. Ke3 Kd7 32. h4 Nxb4 33. axb4 Bxb4 34. Kd3 Kc6 35. h5 gxh5 36. gxh5 Be7 37. Ng5 hxg5 38. h6 Bf8 39. fxg5 Kd7 40. Ne2 Ke7 41. Nf4 Bxh6 42. gxh6 Kf8 43. Nh3 Kg8 1-0

[Event "Slovenian chT 2019"]
[Site "Slovenia"]
[Date "2019.11.23"]
[Round "5"]
[White "Zupancic, Jernej"]
[Black "Zvan, Ziga"]
[Result "1/2-1/2"]
[WhiteElo "2240"]
[BlackElo "2249"]
[Annotator "NA"]
[PlyCount "53"]
[EventDate "2019.??.??"]
[EventCountry "SLO"]
[SourceTitle "playchess.com"]
[Source "ChessBase"]
[SourceQuality "1"]
[TimeControl "40/5400+30:1800+30"]

1. Nf3 Nf6 2. c4 Nc6 3. d4 e6 4. g3 Bb4+ 5. Bd2 Qe7 6. Bg2 Bxd2+ 7. Nbxd2 d6 8. O-O O-O 9. e4 e5 10. d5 Nb8 11. b4 a5 12. a3 Na6 13. Rb1 Bd7 14. Qc2 axb4 15. axb4 c5 16. bxc5 Nxc5 17. Rb6 Ra7 18. Rfb1 Rfa8 19. Ne1 Ra2 20. R6b2 R2a3 21. Rb6 Ra2 22. R6b2 R2a3 23. Rb6 Ra2 24. R6b2 R2a3 25. f3 Be8 26. Bf1 Qc7 27. Qd1 1/2-1/2

[Event "Slovenian chT 2019"]
[Site "Slovenia"]
[Date "2019.11.23"]
[Round "5"]
[White "Zupe, Miran"]
[Black "Podkriznik, Gregor"]
[Result "1/2-1/2"]
[WhiteElo "2236"]
[BlackElo "2408"]
[Annotator "NA"]
[PlyCount "69"]
[EventDate "2019.??.??"]
[EventCountry "SLO"]
[SourceTitle "playchess.com"]
[Source "ChessBase"]
[SourceQuality "1"]
[TimeControl "40/5400+30:1800+30"]

1. g3 g6 2. Bg2 Bg7 3. Nf3 Nf6 4. O-O O-O 5. c4 c5 6. Nc3 Nc6 7. b3 b6 8. Bb2 Bb7 9. d3 d6 10. a3 a6 11. e3 e6 12. Qe2 Qe7 13. Rfd1 Rfd8 14. Rac1 Rac8 15. h3 d5 16. Kh2 dxc4 17. dxc4 Rxd1 18. Rxd1 Rd8 19. Rxd8+ Qxd8 20. Qc2 Qd7 21. Na4 Qc7 22. Ne1 Nd8 23. Bc3 Bxg2 24. Kxg2 Qc6+ 25. f3 Ne8 26. Bxg7 Nxg7 27. Nc3 Nf5 28. Qd3 Qd6 29. Qxd6 Nxd6 30. e4 f6 31. Kf2 Nc6 32. Na4 Kf7 33. Nd3 Na5 34. Nxb6 Nxb3 35. Nxc5 1/2-1/2

[Event "Slovenian chT 2019"]
[Site "Slovenia"]
[Date "2019.11.23"]
[Round "5"]
[White "Titan, Matej"]
[Black "Sakelsek, Tadej"]
[Result "1/2-1/2"]
[WhiteElo "2229"]
[BlackElo "2422"]
[Annotator "NA"]
[PlyCount "45"]
[EventDate "2019.??.??"]
[EventCountry "SLO"]
[SourceTitle "playchess.com"]
[Source "ChessBase"]
[SourceQuality "1"]
[TimeControl "40/5400+30:1800+30"]

1. d4 Nf6 2. c4 e6 3. Nf3 d5 4. Nc3 Bb4 5. Bg5 h6 6. Bxf6 Qxf6 7. e3 O-O 8. Rc1 Nd7 9. a3 Bxc3+ 10. Rxc3 c6 11. Qc2 Re8 12. Be2 dxc4 13. Bxc4 e5 14. dxe5 Nxe5 15. Nxe5 Qxe5 16. O-O Be6 17. Bxe6 Rxe6 18. Rd1 Rae8 19. Rd7 R8e7 20. Rd8+ Re8 21. Rd7 R8e7 22. Rd8+ Re8 23. Rd7 1/2-1/2

[Event "Slovenian chT 2019"]
[Site "Slovenia"]
[Date "2019.11.23"]
[Round "5"]
[White "Zirkelbach, Maj"]
[Black "Mazi, Leon"]
[Result "1/2-1/2"]
[WhiteElo "2221"]
[BlackElo "2326"]
[Annotator "ChessBase"]
[PlyCount "162"]
[EventDate "2019.??.??"]
[EventCountry "SLO"]
[SourceTitle "playchess.com"]
[Source "ChessBase"]
[SourceQuality "1"]
[TimeControl "40/5400+30:1800+30"]

1. d4 d5 2. c4 dxc4 3. Nf3 Nf6 4. e3 c5 5. Bxc4 e6 6. O-O a6 7. b3 b5 8. Be2 Bb7 9. dxc5 Bxc5 10. Qxd8+ Kxd8 11. Bb2 Nbd7 12. Nbd2 Ke7 13. a4 bxa4 14. Rxa4 Nb6 15. Ra2 Bb4 16. Bd4 Nbd5 17. Nc4 Ne4 18. Rc2 f6 19. Rfc1 e5 20. Bb2 Rad8 21. Ne1 Kf7 22. Nd3 Be7 23. f3 Ng5 24. Na5 Ba8 25. e4 Nb6 26. Rc7 Ne6 27. Ra7 Rc8 28. Rxa6 Rxc1+ 29. Bxc1 Nd7 30. Be3 Rb8 31. Ra7 Ke8 32. b4 Bd8 33. Nc5 Bb6 34. Ra6 Nexc5 35. bxc5 Bxc5 36. Bxc5 Nxc5 37. Ra7 Kf8 38. Bc4 Bb7 39. Kf2 Ra8 40. Rxb7 Nxb7 41. Nxb7 Ke7 42. Bd5 Ra1 43. Nc5 Rc1 44. Ne6 Rc2+ 45. Kg3 g6 46. h4 Rc8 47. h5 Rc1 48. f4 Kd6 49. Nf8 Rc3+ 50. Kg4 f5+ 51. Kg5 Rg3+ 52. Kf6 exf4 53. h6 f3 54. gxf3 Rxf3 55. Kg7 Rh3 56. Nxh7 Ke5 57. Ng5 Rxh6 58. Kxh6 fxe4 59. Bxe4 Kf6 60. Bxg6 Ke5 61. Kg7 Kd6 62. Kf6 Kd5 63. Nf3 Kd6 64. Bf7 Kc5 65. Ke5 Kb4 66. Kd4 Ka3 67. Ne1 Kb2 68. Bc4 Kb1 69. Kc3 Ka1 70. Bb3 Kb1 71. Nc2 Kc1 72. Ba2 Kd1 73. Bc4 Kc1 74. Nd4 Kb1 75. Bb3 Ka1 76. Bd5 Kb1 77. Nb3 Ka2 78. Be4 Ka3 79. Bb1 Ka4 80. Bd3 Ka3 81. Nc1 Ka4 1/2-1/2

[Event "Slovenian chT 2019"]
[Site "Slovenia"]
[Date "2019.11.23"]
[Round "5"]
[White "Marn, Jan"]
[Black "Gruskovnjak, Tomislav"]
[Result "1/2-1/2"]
[WhiteElo "2217"]
[BlackElo "2258"]
[Annotator "NA"]
[PlyCount "115"]
[EventDate "2019.??.??"]
[EventCountry "SLO"]
[SourceTitle "playchess.com"]
[Source "ChessBase"]
[SourceQuality "1"]
[TimeControl "40/5400+30:1800+30"]

1. d4 Nf6 2. c4 e6 3. Nc3 Bb4 4. e3 O-O 5. Nge2 Re8 6. a3 Bf8 7. g3 d5 8. b3 dxc4 9. bxc4 c5 10. Bg2 Nc6 11. O-O Na5 12. Qd3 e5 13. d5 b6 14. e4 Ba6 15. Nb5 Bxb5 16. cxb5 c4 17. Qc3 Bc5 18. Be3 Qd6 19. Bxc5 Qxc5 20. Qb4 Nb7 21. Nc3 a6 22. Rfb1 a5 23. Qb2 Nd6 24. Re1 Nd7 25. Bh3 Qc7 26. Bxd7 Qxd7 27. a4 Rac8 28. f3 Rc7 29. Qf2 Rc5 30. Kh1 f6 31. Rad1 Re7 32. f4 Qe8 33. f5 Qf7 34. g4 Kf8 35. Kg2 Ke8 36. Kf1 Kd7 37. Ke2 Kc7 38. Kd2 Kb7 39. Kc2 Rc8 40. h4 h6 41. Rg1 Rh8 42. Rg2 Rd7 43. Qe3 Qe7 44. h5 Ka7 45. Rgd2 Rc8 46. Rb1 Qd8 47. Kd1 Kb7 48. Ke2 Rdc7 49. Rc2 Rc5 50. Rbc1 R8c7 51. Rf1 Rf7 52. Kd1 Rd7 53. Kc1 Rc8 54. Kb1 Ka7 55. Rcf2 Kb7 56. Rf3 Ka7 57. Qf2 Qf8 58. Qe3 1/2-1/2

[Event "Slovenian chT 2019"]
[Site "Slovenia"]
[Date "2019.11.23"]
[Round "5"]
[White "Breznik, Kristijan"]
[Black "Vombek, Dani"]
[Result "1/2-1/2"]
[WhiteElo "2180"]
[BlackElo "2283"]
[Annotator "NA"]
[PlyCount "33"]
[EventDate "2019.??.??"]
[EventCountry "SLO"]
[SourceTitle "playchess.com"]
[Source "ChessBase"]
[SourceQuality "1"]
[TimeControl "40/5400+30:1800+30"]

1. e4 c5 2. Nf3 Nc6 3. d4 cxd4 4. Nxd4 Nf6 5. Nc3 e5 6. Ndb5 d6 7. Bg5 a6 8. Na3 b5 9. Nd5 Qa5+ 10. Bd2 Qd8 11. Bg5 Qa5+ 12. Bd2 Qd8 13. Bg5 Qa5+ 14. Bd2 Qd8 15. Bg5 Qa5+ 16. Bd2 Qd8 17. Bg5 1/2-1/2

[Event "Slovenian chT 2019"]
[Site "Slovenia"]
[Date "2019.11.23"]
[Round "5"]
[White "Simic, Dragan"]
[Black "Serdt, Simon"]
[Result "1/2-1/2"]
[WhiteElo "2166"]
[BlackElo "2174"]
[Annotator "NA"]
[PlyCount "61"]
[EventDate "2019.??.??"]
[EventCountry "SLO"]
[SourceTitle "playchess.com"]
[Source "ChessBase"]
[SourceQuality "1"]
[TimeControl "40/5400+30:1800+30"]

1. d4 d5 2. c4 e6 3. Nc3 Nf6 4. Bg5 Nbd7 5. e3 c6 6. Nf3 Qa5 7. Qc2 Ne4 8. Bf4 Be7 9. Nd2 Nxd2 10. Qxd2 O-O 11. Bd3 e5 12. dxe5 dxc4 13. Bxc4 Nxe5 14. Bxe5 Qxe5 15. O-O Rd8 16. Qe2 Be6 17. Bxe6 Qxe6 18. Rfd1 h6 19. Rxd8+ Rxd8 20. Rd1 Rxd1+ 21. Qxd1 Bf6 22. Qd2 Qc4 23. g3 a5 24. Qd7 Bxc3 25. bxc3 Qxa2 26. Qxb7 Qa1+ 27. Kg2 Qxc3 28. Qc8+ Kh7 29. Qf5+ Kg8 30. Qc8+ Kh7 31. Qf5+ 1/2-1/2

[Event "Slovenian chT 2019"]
[Site "Slovenia"]
[Date "2019.11.23"]
[Round "5"]
[White "Janzelj, Lara"]
[Black "Unuk, Laura"]
[Result "0-1"]
[WhiteElo "2158"]
[BlackElo "2298"]
[Annotator "NA"]
[PlyCount "94"]
[EventDate "2019.??.??"]
[EventCountry "SLO"]
[SourceTitle "playchess.com"]
[Source "ChessBase"]
[SourceQuality "1"]
[TimeControl "40/5400+30:1800+30"]

1. d4 Nf6 2. c4 e6 3. Nf3 b6 4. a3 Bb7 5. Nc3 d5 6. cxd5 Nxd5 7. Qc2 Nxc3 8. bxc3 c5 9. e3 Nd7 10. Bd3 Qc7 11. Be4 cxd4 12. cxd4 Qxc2 13. Bxc2 Rc8 14. Bd3 Bd6 15. Bb2 O-O 16. Ng5 h6 17. Ne4 Be7 18. f3 Rfd8 19. Bb1 b5 20. Kf2 Nb6 21. Bd3 Na4 22. Bc1 a6 23. Bd2 e5 24. Ba5 Rd7 25. Ng3 g6 26. Ne2 Nb2 27. Be4 Bxe4 28. fxe4 Nc4 29. Bb4 Bg5 30. d5 a5 31. Bc3 Bxe3+ 32. Kf3 Bc5 33. Rhb1 Nxa3 34. Rxa3 Bxa3 35. Rxb5 Bd6 36. Rxa5 Kf8 37. Bd2 Kg7 38. g4 Rb7 39. Ra6 Rb3+ 40. Kf2 Bc5+ 41. Ke1 Rb1+ 42. Nc1 Be7 43. d6 Bg5 44. d7 Rcxc1+ 45. Bxc1 Rxc1+ 46. Ke2 Rc2+ 47. Ke1 Rc4 0-1

[Event "Slovenian chT 2019"]
[Site "Slovenia"]
[Date "2019.11.23"]
[Round "5"]
[White "Rozman, Monika"]
[Black "Zupancic, Urban"]
[Result "1/2-1/2"]
[WhiteElo "2127"]
[BlackElo "1993"]
[Annotator "ChessBase"]
[PlyCount "115"]
[EventDate "2019.??.??"]
[EventCountry "SLO"]
[SourceTitle "playchess.com"]
[Source "ChessBase"]
[SourceQuality "1"]
[TimeControl "40/5400+30:1800+30"]

1. e4 e5 2. Nf3 Nc6 3. Bb5 a6 4. Ba4 Nf6 5. O-O Be7 6. Re1 b5 7. Bb3 d6 8. c3 O-O 9. a4 Bb7 10. d3 Na5 11. Bc2 c5 12. Nbd2 Qc7 13. Nf1 Rfe8 14. Ng3 Bf8 15. Bg5 Nd7 16. d4 cxd4 17. cxd4 d5 18. Rc1 Qb6 19. dxe5 Bc5 20. Re2 Nxe5 21. Nxe5 Rxe5 22. Bf4 Ree8 23. exd5 Rxe2 24. Qxe2 Rd8 25. Ne4 Bf8 26. Ng5 g6 27. Be4 Nc4 28. Qf3 Qf6 29. b3 Nd6 30. h4 h6 31. Bxd6 Qxf3 32. Nxf3 Rxd6 33. Rc7 Bxd5 34. Bxd5 Rxd5 35. Kf1 bxa4 36. bxa4 a5 37. Ke2 Bb4 38. g4 Kf8 39. g5 h5 40. Ke3 Ke8 41. Ke4 Rc5 42. Rxc5 Bxc5 43. Nd4 Bb4 44. f4 Kd7 45. f5 Kd6 46. Nf3 Bc3 47. Kd3 Bg7 48. f6 Bf8 49. Ke4 Ke6 50. Nd4+ Kd7 51. Kd5 Bd6 52. Nf3 Bg3 53. Ne5+ Ke8 54. Nf3 Kd7 55. Ne5+ Ke8 56. Nf3 Kd7 57. Ne5+ Ke8 58. Nf3 1/2-1/2

[Event "Slovenian chT 2019"]
[Site "Slovenia"]
[Date "2019.11.23"]
[Round "5"]
[White "Pozun, Matej"]
[Black "Murko, David"]
[Result "1/2-1/2"]
[WhiteElo "2099"]
[BlackElo "2170"]
[Annotator "ChessBase"]
[PlyCount "118"]
[EventDate "2019.??.??"]
[EventCountry "SLO"]
[SourceTitle "playchess.com"]
[Source "ChessBase"]
[SourceQuality "1"]
[TimeControl "40/5400+30:1800+30"]

1. e4 c5 2. Nf3 d6 3. d4 cxd4 4. Nxd4 Nf6 5. Nc3 g6 6. Be3 Bg7 7. f3 O-O 8. Qd2 Nc6 9. O-O-O d5 10. exd5 Nxd5 11. Nxc6 bxc6 12. Bd4 Bxd4 13. Qxd4 Qb6 14. Na4 Qc7 15. Bc4 Rd8 16. Bb3 Bf5 17. g3 Rd6 18. Qe5 Rad8 19. g4 Be6 20. Rd2 R6d7 21. Qxc7 Nxc7 22. Rxd7 Rxd7 23. Nc5 Rd6 24. Nxe6 fxe6 25. Re1 Kf7 26. Re4 Kf6 27. Rf4+ Kg7 28. c3 Nd5 29. Ra4 Rd7 30. Ra6 Rc7 31. g5 h6 32. h4 Nf4 33. Kd2 hxg5 34. hxg5 Nh3 35. Ra5 c5 36. Bxe6 Nxg5 37. Bg4 Nf7 38. b4 cxb4 39. cxb4 Nd6 40. Kd3 Kf6 41. a3 Nc4 42. Ra6+ Kg5 43. Be6 Nd6 44. a4 Kf4 45. Bd5 g5 46. b5 Nb7 47. Bxb7 Rxb7 48. Rg6 Rd7+ 49. Kc4 e5 50. Rf6+ Ke3 51. a5 e4 52. fxe4 Kxe4 53. Rg6 Kf4 54. Kc5 g4 55. Kc6 Re7 56. b6 axb6 57. axb6 g3 58. b7 Rxb7 59. Kxb7 Kf3 1/2-1/2

[Event "Slovenian chT 2019"]
[Site "Slovenia"]
[Date "2019.11.23"]
[Round "5"]
[White "Rozic, Adrijan"]
[Black "Srebrnic, Ana"]
[Result "1/2-1/2"]
[WhiteElo "2048"]
[BlackElo "2165"]
[Annotator "NA"]
[PlyCount "76"]
[EventDate "2019.??.??"]
[EventCountry "SLO"]
[SourceTitle "playchess.com"]
[Source "ChessBase"]
[SourceQuality "1"]
[TimeControl "40/5400+30:1800+30"]

1. d4 Nf6 2. Nf3 d6 3. Bg5 Nbd7 4. Nbd2 h6 5. Bh4 g5 6. Bg3 Nh5 7. e4 Bg7 8. c3 c5 9. d5 Ndf6 10. Bb5+ Bd7 11. Bxd7+ Qxd7 12. O-O O-O 13. Re1 Nxg3 14. hxg3 b5 15. b3 Rfe8 16. Qc2 e6 17. c4 exd5 18. exd5 Ng4 19. Rad1 b4 20. Nb1 a5 21. a4 Rad8 22. Kf1 f5 23. Rxe8+ Rxe8 24. Re1 Rxe1+ 25. Kxe1 Kf7 26. Kf1 Bf6 27. Qe2 Qe7 28. Qxe7+ Kxe7 29. Ke2 Bb2 30. Nbd2 Kf6 31. Nf1 Ne5 32. Nxe5 Kxe5 33. Kd3 Bd4 34. f3 Bf2 35. Ke2 Bd4 36. Kd3 h5 37. Nd2 Bc3 38. f4+ Kf6 1/2-1/2

[Event "Slovenian chT 2019"]
[Site "Slovenia"]
[Date "2019.11.23"]
[Round "5"]
[White "Rifelj, Luka"]
[Black "Slibar, Matjaz"]
[Result "1/2-1/2"]
[WhiteElo "1961"]
[BlackElo "2188"]
[Annotator "NA"]
[PlyCount "91"]
[EventDate "2019.??.??"]
[EventCountry "SLO"]
[SourceTitle "playchess.com"]
[Source "ChessBase"]
[SourceQuality "1"]
[TimeControl "40/5400+30:1800+30"]

1. d4 d5 2. Nf3 Nf6 3. c4 c6 4. Nc3 e6 5. Bg5 Nbd7 6. e3 Qa5 7. Nd2 Bb4 8. Qc2 O-O 9. Be2 c5 10. O-O cxd4 11. exd4 dxc4 12. Bxf6 Nxf6 13. Nxc4 Qc7 14. Nb5 Qb8 15. Ne5 Bd6 16. Nxd6 Qxd6 17. Rfd1 Bd7 18. Bf3 Rac8 19. Qd2 Rc7 20. Rac1 Rfc8 21. Nxd7 Qxd7 22. g3 g6 23. Rxc7 Rxc7 24. d5 Nxd5 25. Bxd5 Qxd5 26. Qxd5 exd5 27. Rxd5 Rc2 28. Rb5 b6 29. a4 Kf8 30. b4 Ra2 31. a5 bxa5 32. bxa5 a6 33. Re5 f6 34. Re6 Rxa5 35. Rxf6+ Kg7 36. Rb6 g5 37. g4 Ra1+ 38. Kg2 a5 39. Ra6 a4 40. Ra7+ Kg6 41. h4 gxh4 42. f4 Ra3 43. Ra6+ Kg7 44. Ra7+ Kg6 45. Ra6+ Kg7 46. Ra7+ 1/2-1/2

[Event "Slovenian chT 2019"]
[Site "Slovenia"]
[Date "2019.11.24"]
[Round "6"]
[White "Lenic, Luka"]
[Black "Kastelic, Marian"]
[Result "1-0"]
[WhiteElo "2633"]
[BlackElo "2248"]
[Annotator "ChessBase"]
[PlyCount "73"]
[EventDate "2019.??.??"]
[EventCountry "SLO"]
[SourceTitle "playchess.com"]
[Source "ChessBase"]
[SourceQuality "1"]
[TimeControl "40/5400+30:1800+30"]

1. d4 Nf6 2. c4 e6 3. Nc3 d5 4. cxd5 exd5 5. Bg5 Be7 6. Qc2 c6 7. e3 Nbd7 8. Bd3 h6 9. Bh4 Nh5 10. Bxe7 Qxe7 11. Nge2 Nhf6 12. O-O-O O-O 13. Kb1 Nb6 14. h3 Nc4 15. e4 Qb4 16. Qb3 Qxb3 17. axb3 Nb6 18. e5 Ne8 19. f4 f5 20. Rdg1 h5 21. Nd1 g6 22. g4 Ng7 23. gxh5 gxh5 24. Rg6 Kf7 25. Rhg1 Rg8 26. Rf6+ Ke7 27. Ne3 Be6 28. Rh6 Raf8 29. Rg5 Rf7 30. Ng3 Nd7 31. Nxh5 Nxh5 32. Rhxh5 Rxg5 33. Rxg5 Nf8 34. Kc2 Kd8 35. Nxf5 Rh7 36. Nd6 Rxh3 37. f5 1-0

[Event "Slovenian chT 2019"]
[Site "Slovenia"]
[Date "2019.11.24"]
[Round "6"]
[White "Aczel, Gergely"]
[Black "Beliavsky, Alexander G"]
[Result "1/2-1/2"]
[WhiteElo "2515"]
[BlackElo "2519"]
[Annotator "ChessBase"]
[PlyCount "113"]
[EventDate "2019.??.??"]
[EventCountry "SLO"]
[SourceTitle "playchess.com"]
[Source "ChessBase"]
[SourceQuality "1"]
[TimeControl "40/5400+30:1800+30"]

1. d4 Nf6 2. c4 e6 3. Nc3 Bb4 4. e3 O-O 5. Bd2 d5 6. Nf3 Nbd7 7. cxd5 exd5 8. Qb3 c5 9. dxc5 a5 10. Be2 Nxc5 11. Qd1 Nfe4 12. O-O Nxd2 13. Qxd2 Ne4 14. Qc2 Bf5 15. Nd4 Bg6 16. Nxe4 dxe4 17. Rac1 Rc8 18. Qb3 Qe7 19. Bg4 Rcd8 20. g3 Kh8 21. Rfd1 f5 22. Be2 Rf6 23. Qc2 h6 24. Qc7 Rd7 25. Qb8+ Rf8 26. Qa7 Qf6 27. a3 Bd6 28. Qxa5 f4 29. exf4 Bxf4 30. gxf4 Qxf4 31. Kh1 Rxd4 32. Qc5 Rxd1+ 33. Rxd1 Qxf2 34. Qxf2 Rxf2 35. Re1 e3 36. Kg1 Be4 37. Bf1 Rxb2 38. Rxe3 Bc6 39. Be2 Kg8 40. Bf3 Kf7 41. Bxc6 bxc6 42. a4 Rb6 43. Kf2 Ra6 44. Re4 Kf6 45. Ke3 Kf5 46. h4 Rb6 47. Rf4+ Ke5 48. Rg4 Rb7 49. Kd3 Kd5 50. Rd4+ Kc5 51. Rc4+ Kd6 52. Rd4+ Kc7 53. Rg4 Kb8 54. Kc4 Rf7 55. a5 Kb7 56. Kb4 Kc7 57. Kc4 1/2-1/2

[Event "Slovenian chT 2019"]
[Site "Slovenia"]
[Date "2019.11.24"]
[Round "6"]
[White "Mikhalchishin, Adrian"]
[Black "Hiti, Domen"]
[Result "1-0"]
[WhiteElo "2467"]
[BlackElo "2251"]
[Annotator "ChessBase"]
[PlyCount "90"]
[EventDate "2019.??.??"]
[EventCountry "SLO"]
[SourceTitle "playchess.com"]
[Source "ChessBase"]
[SourceQuality "1"]
[TimeControl "40/5400+30:1800+30"]

1. Nf3 d5 2. d4 c6 3. c4 e6 4. Bg5 Nf6 5. Nbd2 Be7 6. e3 Nbd7 7. Bd3 O-O 8. O-O dxc4 9. Nxc4 Nd5 10. Bxe7 Qxe7 11. Rc1 Rd8 12. Bb1 Nf8 13. e4 Nb6 14. Ne3 Bd7 15. Qb3 Be8 16. a4 c5 17. Qa3 Nxa4 18. b3 Nb6 19. Qxc5 Qxc5 20. Rxc5 Rac8 21. Rfc1 Rxc5 22. dxc5 Rc8 23. b4 a5 24. bxa5 Na4 25. c6 Rxc6 26. Rxc6 Bxc6 27. Nd4 Bd7 28. Nc4 Nc5 29. e5 Ng6 30. Bxg6 hxg6 31. Nd6 g5 32. Nxb7 Na6 33. Nb3 Nb4 34. N3c5 Bc6 35. Nd6 Ba8 36. Nc8 Kf8 37. Nb6 Bc6 38. a6 Nd5 39. Nxd5 exd5 40. f3 Ke7 41. Nb3 Kd7 42. Nd4 Ba8 43. Kf2 f6 44. e6+ Ke7 45. Ke3 Ke8 1-0